000 00732nam a2200217Ii 4500
003 JO-AjNU
008 230605s9999||||xx |||||||||||||| ||und||
017 _a2006/10/2716
020 _a9957-32-291-5
040 _aJO-AjNU
_bara
_erda
_cJO-AjNU
041 _aara
050 1 4 _aT385.A82 2007
100 3 _aالاسدي ، عباس حنون حسن ,
_eauthor
_931180
245 0 0 _aمقدمة في الرسم بالحاسوب باستخدام لغة JAVA
264 3 1 _aعمان:دار الحامد ، 2007
300 _a313ص
336 _atext
_btxt
_2rdacontent
337 _aunmediated
_bn
_2rdamedia
338 _avolume
_bnc
_2rdacarrier
650 4 _aالرسم-برامج الحاسبات الالكترونية
_931181
999 _aA12443
_c16011
_d16011